000 00340nam a2200133Ia 4500
008 240624s9999 xx 000 0 und d
041 _aeng
082 _a200 LES
100 _aLESLIE JULIA
245 _aAUTHORITY AND MEANING IN INDIA RELIGIONS
260 _c2003
_aEngland
_bAshgate
300 _ax, : 241 : p. : cm. ; 23
365 _cBPS
_b35
999 _c5820
_d5820